مكتبة جامعة عجلون الوطنية

فهرس بحث المكتبة

اعداد الامة الاسلامية للقرن الحادي والعشرين في مجالات التعاون الاقتصادي والتجاري والمالي بين الدول الاعضاء في منظمة المؤتمر الاسلامي (Record no. 14292)

MARC details
000 -LEADER
fixed length control field 01085nam a2200229Ii 4500
003 - CONTROL NUMBER IDENTIFIER
control field JO-AjNU
008 - FIXED-LENGTH DATA ELEMENTS--GENERAL INFORMATION
fixed length control field 230605s9999||||xx |||||||||||||| ||und||
017 ## - COPYRIGHT OR LEGAL DEPOSIT NUMBER
Copyright or legal deposit number 19/0440
020 ## - INTERNATIONAL STANDARD BOOK NUMBER
International Standard Book Number 9960-32-037-5
040 ## - CATALOGING SOURCE
Original cataloging agency JO-AjNU
Language of cataloging ara
Description conventions rda
Transcribing agency JO-AjNU
041 ## - LANGUAGE CODE
Language code of text/sound track or separate title ara
050 14 - LIBRARY OF CONGRESS CALL NUMBER
Classification number HC243.5.1998
100 3# - MAIN ENTRY--PERSONAL NAME
Personal name المعهد الاسلامي للبحوث والتدريب/البنك الاسلامي للتنمية,
Relator term author
9 (RLIN) 27835
245 00 - TITLE STATEMENT
Title اعداد الامة الاسلامية للقرن الحادي والعشرين في مجالات التعاون الاقتصادي والتجاري والمالي بين الدول الاعضاء في منظمة المؤتمر الاسلامي
250 ## - EDITION STATEMENT
Edition statement ط1
264 31 - PRODUCTION, PUBLICATION, DISTRIBUTION, MANUFACTURE, AND COPYRIGHT NOTICE
Place of production, publication, distribution, manufacture جدة: المعهد الاسلامي للبحوث والتدريب/البنك الاسلامي للتنمية
300 ## - PHYSICAL DESCRIPTION
Extent 44ص
Other physical details ورقة عرضية-رقم1
336 ## - CONTENT TYPE
Content type term text
Content type code txt
Source rdacontent
337 ## - MEDIA TYPE
Media type term unmediated
Media type code n
Source rdamedia
338 ## - CARRIER TYPE
Carrier type term volume
Carrier type code nc
Source rdacarrier
650 #4 - SUBJECT ADDED ENTRY--TOPICAL TERM
Topical term or geographic name entry element الاقتصاد الاسلامي-التخطيط الاقتصادي
9 (RLIN) 27836
Holdings
Withdrawn status Lost status Source of classification or shelving scheme Damaged status Not for loan Home library Current library Shelving location Date acquired Total Checkouts Full call number Barcode Date last seen Price effective from Koha item type
    Library of Congress Classification     مكتبة جامعة عجلون الوطنية مكتبة جامعة عجلون الوطنية المجموعات العامة 06/06/2023   HC243.5.1998 A10724 06/06/2023 06/06/2023 Books